000 00796cac a22001931u 4500
008 090216t 1993xxu||||| |||| 00| 0 eng d
010 _a 93210840
020 _a0340576405 (pbk)
035 _a(OCoLC)29256834
082 0 0 _a658.154
_bSEC
100 _aSecrett, Malcolm.
245 1 0 _aSuccessful budgeting in a week /
_cMalcolm Secrett.
260 _a[England] :
_bHeadway ;
_aDunton Green, Sevenoaks, Kent :
_bHodder & Stoughton,
_c1993.
300 _a96 p. :
_bill. ;
_c20 cm.
650 0 _aBudget in business.
710 2 _aBritish Institute of Management.
942 _cBB
_k658.154SEC
_2ddc
999 _c9285
_d9285